Miasta Polski - prawda czy fałsz? - Statystyki

Ogólne statystyki
  • Ten quiz został rozwiązany 58 razy
    50 od ostatniego zresetowania
  • Średni wynik to 7 z 10
Statystyki odpowiedzi
Zagadnienie Odpowiedź % Poprawnych
Białystok leży w województwie lubelskim Fałsz
89%
Katowice to stolica województwa śląskiego Prawda
89%
Gorzów Wielkopolski słynie z koziołków na ratuszowej wieży Fałsz
82%
Gdańsk jest największym miastem Portowym Prawda
82%
Kraków leży nad Odrą Fałsz
80%
Rzeszów jest mniejszy od Lublina pod względem populacji Prawda
64%
Toruń jest bardziej znany z pierników czy Mikołaja Kopernika? Obu
62%
Warszawa jest największym polskim miastem pod względem powierzchni Fałsz
56%
Wrocław nazywany jest "Miastem Stu Mostów" Prawda
56%
Łódź jest trzecim najludniejszym miastem w Polsce Fałsz
49%
Nie znaleziono quizów pasujących do podanych kryteriów
Rozkład punktacji
Procent ludzi z każdym wynikiem
Percentyl według liczby udzielonych odpowiedzi
Twoja historia wyników
Nie rozwiązałeś tego quizu od ostatniego zresetowania